Văn học nhà trường Nhận diện - tiếp cận - đổi mới
Trình bày cách tiếp cận, cách nhận diện thực trạng dạy học văn trong nhà trường; sự đổi mới tư duy trong giáo dục và các phương pháp đổi mới dạy học tác phẩm văn chương trong nhà trường, đổi mới thiết kế giờ học tác phẩm văn chương, nâng cao chất lượng các bài học về lí luận văn học, đổi mới kiểm tr...
Shranjeno v:
| Glavni avtor: | |
|---|---|
| Format: | Knjiga |
| Jezik: | Vietnamese |
| Izdano: |
H.
Đại học Sư phạm
2011
|
| Izdaja: | In lần thứ 3 |
| Teme: | |
| Oznake: |
Označite
Brez oznak, prvi označite!
|
| Thư viện lưu trữ: | Mạng thư viện Đại học Đà Nẵng |
|---|
| LEADER | 01627aam a22003618a 4500 | ||
|---|---|---|---|
| 001 | 000016589 | ||
| 003 | 12992 | ||
| 005 | 20121122151114.0 | ||
| 008 | 121122s2011 viesd | ||
| 020 | |c 57000đ |d 1000b | ||
| 041 | 0 | 0 | |a vie |
| 082 | 1 | 4 | |2 14 |a 807 |b PH-L |
| 100 | 1 | |a Phan Trọng Luận | |
| 245 | 1 | 0 | |a Văn học nhà trường |b Nhận diện - tiếp cận - đổi mới |c Phan Trọng Luận |
| 250 | |a In lần thứ 3 | ||
| 260 | |a H. |b Đại học Sư phạm |c 2011 | ||
| 300 | |a 311 tr. |c 24 cm. | ||
| 504 | |a Thư mục tr. 3-4 | ||
| 520 | |a Trình bày cách tiếp cận, cách nhận diện thực trạng dạy học văn trong nhà trường; sự đổi mới tư duy trong giáo dục và các phương pháp đổi mới dạy học tác phẩm văn chương trong nhà trường, đổi mới thiết kế giờ học tác phẩm văn chương, nâng cao chất lượng các bài học về lí luận văn học, đổi mới kiểm tra và đánh giá... | ||
| 650 | 7 | |2 Bộ TKTVQG |a Văn học | |
| 650 | 7 | |2 Bộ TKTVQG |a Đổi mới | |
| 650 | 7 | |2 Bộ TKTVQG |a Phương pháp giảng dạy | |
| 650 | 7 | |2 Bộ TKTVQG |a Trường phổ thông | |
| OWN | |a LSP | ||
| AVA | |a UDN50 |b LSP |d 807 PH-L |e check_holdings |t Error 5003 Not defined in file expand_doc_bib_avail. |h N |k 1 | ||
| 999 | |a From the UDN01 | ||
| AVA | |a UDN50 |b LSP |d 807 PH-L |e available |t Error 5001 Not defined in file expand_doc_bib_avail. |f 15 |g 0 |h N |i 0 |k 1 | ||
| TYP | |a Monograph | ||
| TYP | |a Printed language | ||
| 980 | |a Mạng thư viện Đại học Đà Nẵng | ||